02458 am a2200757 a 450000500170000000800410001702000150005804100080007310000220008124500750010325000110017826000540018930000110024350001580025465300380041265300330045065300250048365300250050865300230053365300280055665300320058465300260061665300220064265300180066465300170068265300280069965300220072765300190074965300160076865300260078465300220081065300210083265300280085365300430088165300100092465300170093465300620095165300220101365300200103565300180105565300300107365300160110365300100111965300300112965300290115965300270118865300280121565300130124365300130125665300220126965300580129165300190134965300190136865300280138765300260141565300110144165300140145265300560146665300210152265300260154365300300156965300240159965300300162370000280165370000190168120240625114001.0100603s1995||||ag d f |||| 001 0 spa d a9875052022 aspa1 aWoscoff, Alberto. aOrientación dermatológica en medicina interna / cAlberto Woscoff a1a ed. aBuenos Aires: bLibreros López Editores;c1995. a297 p. aWoscoff, A., Cabrera, H. N. y Kaminsky, A. (1995). Orientación dermatológica en medicina interna. (1a ed.). Buenos Aires : Libreros López Editores. aEstructura y funciones de la piel aSemiología dermatológica aDermatosis maculosas aDermatosis papulosas aDermatitis atopica aDermatitis por contacto aLesiones eritematoescamosas aDermatitis seborreica aPitiriasis rosada aParapsoriasis aEritrodermia aEnfermedades ampollares aEritema polimorfo aFarmacodermias aPiodermitis aMicosis superficiales aMicosis profundas aVirosis cutaneas aEctoparasitosis - Sarna aEnfermedades transmisibles sexualmente aLepra aTBC cutaneas aManifestaciones cutaneo-mucosas de la infección por VIH aLupus eritematoso aDermatomiositis aEsclerodermia aVasculitis sistemáticas aSarcoidosis aNevos aTumores cutaneos benignos aDermatosis precancerosas aEpitelioma basocelular aCarcinoma espinocelular aMelanoma aSarcomas aLinfomas cutaneos aManifestaciones cutaneas de las enfermedades internas aParaneoplasias aGenodermatosis aEnfermedades de la boca aPatologia de la vulva aAcné aAlopecias aModificaciones de la unidad ungular: terminología aUlcera de pierna aDermatosis neonatales aDermatología pediatrica aPsicodermatología aCirugía dermatológica1 aCabrera, Hugo Néstor.1 aKaminsky, Ana.